000
00257nam a2200085Ia 4500
245
0
_a
Haar enigste valentyn
100
_a
WYLIE, Trish Parklands [Johannesburg], 2009 Afrikaanse uitg
_9
95100
942
_c
BK
008
210817s9999 xx 000 0 und d
999
_c
426565
_d
426564